Hadrian's Wall : exploring its past to protect its future /

Celebrating the 1900th anniversary of Hadrian's visit to Britain and the building of the Wall, this book presents studies from from the point of view of those living, visiting, researching and working along it. The book offers a realistic discussion of current issues and solutions in the explor...

وصف كامل

محفوظ في:

مؤلفون آخرون: Alberti, Marta (المحرر), Mountain, Katie (المحرر)

التنسيق: كتاب الكتروني

اللغة: English

منشور في: Oxford : Archaeopress Publishing Ltd, 2022.

سلاسل: Archaeopress Roman archaeology ; 90.

الموضوعات:

الوصول للمادة أونلاين: Login to view Source

الوسوم: إضافة وسم

لا توجد وسوم, كن أول من يضع وسما على هذه التسجيلة!

رقم الطلب: DA146

LEADER 02239nam a2200469 i 4500
001 EDZ0002773492
003 StDuBDS
005 20230412183255.0
006 m|||||o||d||||||||
007 cr |||||||||||
008 220506s2022 enkab fob 001|0|eng|d
020 |a 9781803272757 (PDF ebook) :  |c No price 
040 |a StDuBDS  |b eng  |c StDuBDS  |e rda  |e pn 
050 4 |a DA146 
082 0 4 |a 936.288  |2 23 
245 0 0 |a Hadrian's Wall :  |b exploring its past to protect its future /  |c edited by Marta Alberti and Katie Mountain. 
264 1 |a Oxford :  |b Archaeopress Publishing Ltd,  |c 2022. 
300 |a 1 online resource (xii, 163 pages) :  |b illustrations (black and white, and colour), maps (black and white, colour). 
336 |a text  |2 rdacontent 
336 |a still image  |2 rdacontent 
336 |a cartographic image  |2 rdacontent 
337 |a computer  |2 rdamedia 
338 |a online resource  |2 rdacarrier 
490 1 |a Archaeopress Roman archaeology ;  |v 90 
500 |a Also issued in print: 2022. 
504 |a Includes bibliographical references and index. 
506 0 |a Open access. 
520 8 |a Celebrating the 1900th anniversary of Hadrian's visit to Britain and the building of the Wall, this book presents studies from from the point of view of those living, visiting, researching and working along it. The book offers a realistic discussion of current issues and solutions in the exploration, management and protection of Hadrian's Wall. 
521 |a Specialized. 
588 |a Description based on online resource; title from PDF title page (viewed on June 6, 2022). 
651 0 |a Hadrian's Wall (England) 
650 0 |a Excavations (Archaeology)  |z England  |z Cumbria. 
650 0 |a Historic preservation  |z England  |z Cumbria. 
650 0 |a Cultural property  |x Protection  |z England  |z Cumbria. 
700 1 |a Alberti, Marta,  |e editor. 
700 1 |a Mountain, Katie,  |e editor. 
776 0 8 |i Print version :  |z 9781803272740 
830 0 |a Archaeopress Roman archaeology ;  |v 90. 
856 4 0 |3 Archaeopress  |u http://library.arce.org:8087/Archaeopress/Products/9781803272740 
942 |2 lcc  |c EBOOK 
952 |0 0  |1 0  |4 0  |6 DA0146  |7 1  |9 46919  |a ARCH  |b ARCH  |d 2023-04-12  |l 0  |o DA146  |r 2023-04-12 00:00:00  |w 2023-04-12  |y EBOOK 
999 |c 52577  |d 52577